Weisz Lipót gratuláló levele Szent-Györgyi Alberthez

Elmentve itt :
Bibliográfiai részletek
Szerző: Weisz Lipót
Dokumentumtípus: Kézirat
Megjelent: 1937-11-11
Kulcsszavak:Levelezés - Weisz Lipót - Szent-Györgyi Albert, Nobel-díj - 1937
Online Access:http://misc.bibl.u-szeged.hu/47726
LEADER 00631ntm a2200169 i 4500
001 misc47726
005 20241213114416.0
008 210111s1937 hu o 000 hun d
040 |a SZTE Miscellanea Repozitórium  |b hun 
041 |a hun 
100 1 |a Weisz Lipót 
245 1 0 |a Weisz Lipót gratuláló levele Szent-Györgyi Alberthez  |h [elektronikus dokumentum] /  |c  Weisz Lipót 
260 |c 1937-11-11 
300 |a 2 fol. 
561 |a Szent-Györgyi Albert gratuláló levelek 
695 |a Levelezés - Weisz Lipót - Szent-Györgyi Albert, Nobel-díj - 1937 
856 4 0 |u http://misc.bibl.u-szeged.hu/47726/1/1937_4_080.pdf  |z Dokumentum-elérés